[Event "Calvia Amateur op 21st"]
[Site "Calvia"]
[Date "2024.10.09"]
[Round "5"]
[White "Massanet Massanet, Sebastian"]
[Black "Tscharotschkin, Michael"]
[Result "1/2-1/2"]
[WhiteElo "2204"]
[BlackElo "2079"]
[PlyCount "83"]
[EventDate "2024.10.05"]
[EventType "swiss"]
[EventRounds "9"]
[EventCountry "ESP"]
[SourceTitle "CB45_2024"]
[Source "ChessBase"]
[SourceDate "2024.11.06"]
[SourceVersion "1"]
[SourceVersionDate "2024.11.06"]
[SourceQuality "1"]

1. e4 e6 2. d4 d5 3. e5 c5 4. c3 Qb6 5. Nf3 Bd7 6. Be2 cxd4 7. cxd4 Bb5 8. Bxb5+ Qxb5 9. Nc3 Qa6 10. a4 Bb4 11. Bd2 Bxc3 12. Bxc3 Nc6 13. Nd2 Nge7 14. Nb3 Qc4 15. Nd2 Qd3 16. Qe2 Qxe2+ 17. Kxe2 a5 18. f4 h5 19. g3 Kd7 20. Nf3 Nf5 21. Kd3 Rhb8 22. Rhg1 b5 23. axb5 Rxb5 24. Ra4 Rab8 25. Rg2 Rb3 26. Rd2 R8b4 27. Ra3 Nfxd4 28. Rxb3 Nxb3 29. Bxb4 Nxb4+ 30. Kc3 Nxd2 31. Nxd2 Kc6 32. Nb3 Kb6 33. Nd4 Nc6 34. Nf3 Kc5 35. Ng5 Nd8 36. h3 d4+ 37. Kd3 Kd5 38. Nf3 Nc6 39. Ng5 Nd8 40. Nf3 Nc6 41. Ng5 Nd8 42. Nf3 1/2-1/2

[Event "Calvia Amateur op 21st"]
[Site "Calvia"]
[Date "2024.10.06"]
[Round "2"]
[White "Ng, Chun Hei"]
[Black "Massanet Massanet, Sebastian"]
[Result "0-1"]
[WhiteElo "1963"]
[BlackElo "2204"]
[PlyCount "94"]
[EventDate "2024.10.05"]
[EventType "swiss"]
[EventRounds "9"]
[EventCountry "ESP"]
[SourceTitle "CB45_2024"]
[Source "ChessBase"]
[SourceDate "2024.11.06"]
[SourceVersion "1"]
[SourceVersionDate "2024.11.06"]
[SourceQuality "1"]

1. e4 e6 2. d4 d5 3. exd5 exd5 4. Nf3 Nf6 5. Bd3 Bd6 6. Qe2+ Be6 7. Ng5 Qe7 8. Nxe6 fxe6 9. 0-0 Nc6 10. c3 0-0 11. f4 Rae8 12. Nd2 Nd8 13. b4 c6 14. Nf3 Nf7 15. Ne5 Bc7 16. Nxf7 Qxf7 17. Bd2 Bd6 18. Rf2 Qc7 19. Kh1 b6 20. g4 Nd7 21. Raf1 Rf7 22. g5 g6 23. h4 Nf8 24. h5 Ree7 25. Qg4 c5 26. Rh2 Rg7 27. Re1 gxh5 28. Rxh5 Ref7 29. Rh4 Qd7 30. Qh3 cxd4 31. cxd4 Ng6 32. Rh6 Bxf4 33. Bxg6 Rxg6 34. Bxf4 Rxf4 35. Rxg6+ hxg6 36. Rxe6 Qf7 37. Re1 Rf5 38. Qe3 Rf4 39. Qh3 Rf5 40. Qe3 Rf4 41. Qh3 Re4 42. Rf1 Qe7 43. Rf6 Re1+ 44. Kh2 Qe2+ 45. Qg2 Qh5+ 46. Kg3 Qxg5+ 47. Kf2 Qe3# 0-1

[Event "Calvia Amateur op 20th"]
[Site "Calvia"]
[Date "2023.10.15"]
[Round "9"]
[White "Viskelis, Darius"]
[Black "Massanet Massanet, Sebastian"]
[Result "1/2-1/2"]
[WhiteElo "2152"]
[BlackElo "2187"]
[PlyCount "23"]
[EventDate "2023.10.07"]
[EventType "swiss"]
[EventRounds "9"]
[EventCountry "ESP"]
[SourceTitle "CBM 216 Extra"]
[Source "ChessBase"]
[SourceDate "2023.11.30"]
[SourceVersion "1"]
[SourceVersionDate "2023.11.30"]
[SourceQuality "1"]

1. e4 e6 2. d4 d5 3. e5 c5 4. c3 Nc6 5. Nf3 Bd7 6. a3 Nge7 7. Bd3 cxd4 8. cxd4 Qb6 9. Bc2 Nf5 10. Bxf5 exf5 11. Nc3 Be6 12. b4 1/2-1/2

[Event "Calvia Amateur op 20th"]
[Site "Calvia"]
[Date "2023.10.12"]
[Round "6"]
[White "Massanet Massanet, Sebastian"]
[Black "Sahelices Casado, Roberto"]
[Result "1-0"]
[WhiteElo "2187"]
[BlackElo "2084"]
[PlyCount "66"]
[EventDate "2023.10.07"]
[EventType "swiss"]
[EventRounds "9"]
[EventCountry "ESP"]
[SourceTitle "CBM 216 Extra"]
[Source "ChessBase"]
[SourceDate "2023.11.30"]
[SourceVersion "1"]
[SourceVersionDate "2023.11.30"]
[SourceQuality "1"]

1. e4 c6 2. d4 d5 3. e5 Bf5 4. Nf3 e6 5. Be2 c5 6. Be3 cxd4 7. Nxd4 Ne7 8. Nd2 Nbc6 9. N2f3 Be4 10. c3 a6 11. Qb3 Qd7 12. 0-0 Nxd4 13. Nxd4 Nc6 14. f3 Bg6 15. f4 Be7 16. a4 0-0 17. a5 Nxd4 18. Bxd4 Rac8 19. Ra4 Be4 20. Rd1 Qc6 21. Bg4 h6 22. Rd2 Rc7 23. Bb6 Bc5+ 24. Bxc5 Qxc5+ 25. Rdd4 Rfc8 26. Qb4 Qa7 27. Be2 Bc2 28. Ra1 Qc5 29. Qxc5 Rxc5 30. Rb4 R8c7 31. Kf2 Kf8 32. Ke3 Ke8 33. Kd4 R5c6 1-0

[Event "ESP-ch 87th"]
[Site "Linares"]
[Date "2022.08.16"]
[Round "7"]
[White "Asis Gargatagli, Hipolito"]
[Black "Massanet Massanet, Sebastian"]
[Result "1-0"]
[WhiteElo "2513"]
[BlackElo "2232"]
[PlyCount "79"]
[EventDate "2022.08.11"]
[EventType "swiss"]
[EventRounds "9"]
[EventCountry "ESP"]
[SourceTitle "CBM 209 Extra"]
[Source "ChessBase"]
[SourceDate "2022.09.30"]
[SourceVersion "1"]
[SourceVersionDate "2022.09.30"]
[SourceQuality "1"]

1. e4 e6 2. d4 d5 3. Nd2 Nf6 4. e5 Nfd7 5. Ngf3 c5 6. c3 Nc6 7. Bd3 Be7 8. 0-0 a5 9. a4 cxd4 10. cxd4 Nb4 11. Bb1 b6 12. Re1 Ba6 13. Nf1 h5 14. Ng3 h4 15. Ne2 b5 16. Nf4 Nb6 17. axb5 Bxb5 18. Nh3 Rh5 19. Ra3 Nc4 20. Rc3 Nc6 21. Nd2 g6 22. Nxc4 Bxc4 23. Nf4 Rh8 24. Rxc4 dxc4 25. d5 Nb4 26. Be4 exd5 27. Nxd5 Ra6 28. Qf3 Kf8 29. Nf4 Kg7 30. e6 Nd3 31. Nh5+ Rxh5 32. Qxf7+ Kh8 33. Qxg6 Rxe6 34. Qxh5+ Kg7 35. Qh7+ Kf8 36. Qf5+ Rf6 37. Bh6+ Ke8 38. Qh5+ Kd7 39. Qb5+ Kc7 40. Qb7+ 1-0

[Event "ESP-ch 87th"]
[Site "Linares"]
[Date "2022.08.13"]
[Round "3"]
[White "Gines Esteo, Pedro Antonio"]
[Black "Massanet Massanet, Sebastian"]
[Result "1-0"]
[WhiteElo "2472"]
[BlackElo "2232"]
[PlyCount "77"]
[EventDate "2022.08.11"]
[EventType "swiss"]
[EventRounds "9"]
[EventCountry "ESP"]
[SourceTitle "CBM 209 Extra"]
[Source "ChessBase"]
[SourceDate "2022.09.30"]
[SourceVersion "1"]
[SourceVersionDate "2022.09.30"]
[SourceQuality "1"]

1. c4 e5 2. Nc3 Nf6 3. Nf3 e4 4. Ng5 c6 5. Ngxe4 Nxe4 6. Nxe4 d5 7. cxd5 cxd5 8. Ng3 h5 9. e3 h4 10. Ne2 Nc6 11. d4 Bd6 12. Nc3 Qf6 13. Nxd5 Qg6 14. Nc3 Bf5 15. Nb5 Bb8 16. d5 Nb4 17. Nd4 Nd3+ 18. Ke2 Ne5 19. Nxf5 Qxf5 20. Qa4+ Ke7 21. f4 Qg4+ 22. Kf2 h3 23. Qe4 f5 24. d6+ Bxd6 25. Qxb7+ Nd7 26. Be2 Qg6 27. Bb5 Rad8 28. Bd2 hxg2 29. Rhg1 Rxh2 30. Ba5 Bc5 31. Bxd8+ Kf8 32. Qxd7 Bxe3+ 33. Kxe3 Qg3+ 34. Ke2 Qg4+ 35. Kd3 Qf3+ 36. Kc2 Qf2+ 37. Qd2 Qc5+ 38. Qc3 Qxb5 39. Qa3+ 1-0

[Event "ESP-ch 87th"]
[Site "Linares"]
[Date "2022.08.13"]
[Round "4"]
[White "Massanet Massanet, Sebastian"]
[Black "Bernabeu Lopez, Carlos Javier"]
[Result "0-1"]
[WhiteElo "2232"]
[BlackElo "2421"]
[PlyCount "114"]
[EventDate "2022.08.11"]
[EventType "swiss"]
[EventRounds "9"]
[EventCountry "ESP"]
[SourceTitle "CBM 209 Extra"]
[Source "ChessBase"]
[SourceDate "2022.09.30"]
[SourceVersion "1"]
[SourceVersionDate "2022.09.30"]
[SourceQuality "1"]

1. e4 e5 2. Nf3 Nc6 3. d4 exd4 4. Nxd4 Nf6 5. Nxc6 bxc6 6. e5 Qe7 7. Qe2 Nd5 8. c4 Ba6 9. b3 Qh4 10. Bb2 Bb4+ 11. Nd2 Nc3 12. Qe3 Ne4 13. g3 Qg4 14. f3 Bxd2+ 15. Qxd2 Qxf3 16. Qg2 Qe3+ 17. Qe2 Qxe2+ 18. Bxe2 Bb7 19. Rd1 c5 20. Rf1 Bc6 21. Ba3 0-0 22. Bf3 Rfe8 23. Bb2 Rad8 24. Ke2 Ng5 25. Bxc6 dxc6 26. Ke3 Ne6 27. Ke4 Kf8 28. h4 h5 29. Bc3 Ke7 30. Bb2 Rxd1 31. Rxd1 g5 32. hxg5 Nxg5+ 33. Kf5 Ne6 34. g4 Rg8 35. gxh5 Rg5+ 36. Ke4 Rxh5 37. Rd2 Nf8 38. Rf2 Nd7 39. Rg2 Rh8 40. Kf5 Rh1 41. Bc3 Nf8 42. Rf2 Ne6 43. Ba5 Rh4 44. Bc3 Nd4+ 45. Bxd4 cxd4 46. Kg5 Rh3 47. c5 Ke6 48. Kg4 Re3 49. Rf6+ Kxe5 50. Rxf7 d3 51. Rd7 Re4+ 52. Kf3 Rd4 53. Re7+ Kf5 54. Ke3 d2 55. Kxd4 d1Q+ 56. Kc3 Qc1+ 57. Kb4 a5+ 0-1

[Event "Calvia Amateur op 17th"]
[Site "Calvia"]
[Date "2020.10.18"]
[Round "9"]
[White "Maldonado Mena, German"]
[Black "Massanet Massanet, Sebastian"]
[Result "1-0"]
[WhiteElo "2066"]
[BlackElo "2277"]
[PlyCount "71"]
[EventDate "2020.10.10"]
[EventType "swiss"]
[EventRounds "9"]
[EventCountry "ESP"]
[SourceTitle "CBM 198 Extra"]
[Source "ChessBase"]
[SourceDate "2020.11.30"]
[SourceVersion "1"]
[SourceVersionDate "2020.11.30"]
[SourceQuality "1"]

1. c4 Nf6 2. d4 g6 3. Nc3 d5 4. cxd5 Nxd5 5. e4 Nxc3 6. bxc3 Bg7 7. Nf3 c5 8. Rb1 0-0 9. Be2 Nc6 10. d5 Ne5 11. Nxe5 Bxe5 12. c4 Qa5+ 13. Bd2 Qxa2 14. 0-0 Bd4 15. Rb3 b6 16. Rg3 Ba6 17. Qc1 Qb2 18. Qd1 Qa2 19. Qc1 Bc8 20. Bd3 f5 21. Be3 Bxe3 22. fxe3 Qb3 23. Bc2 Qxc4 24. exf5 Ba6 25. Rf4 Qc3 26. e4 Qd4+ 27. Kh1 Rf6 28. h4 Kg7 29. h5 Be2 30. hxg6 Rh8 31. Rh4 h5 32. Qf4 Bg4 33. Rhxg4 e5 34. dxe6 Rff8 35. Qc7+ Kf6 36. e5+ 1-0

[Event "Calvia Amateur op 17th"]
[Site "Calvia"]
[Date "2020.10.14"]
[Round "5"]
[White "Lazarte Anello, David Emiliano"]
[Black "Massanet Massanet, Sebastian"]
[Result "0-1"]
[WhiteElo "2102"]
[BlackElo "2277"]
[PlyCount "68"]
[EventDate "2020.10.10"]
[EventType "swiss"]
[EventRounds "9"]
[EventCountry "ESP"]
[SourceTitle "CBM 198 Extra"]
[Source "ChessBase"]
[SourceDate "2020.11.30"]
[SourceVersion "1"]
[SourceVersionDate "2020.11.30"]
[SourceQuality "1"]

1. e4 e6 2. d4 d5 3. Nc3 Nf6 4. e5 Nfd7 5. f4 c5 6. Nf3 Nc6 7. Be3 Qb6 8. a3 cxd4 9. Nxd4 Bc5 10. Na4 Qa5+ 11. c3 Bxd4 12. Bxd4 Nxd4 13. Qxd4 a6 14. Bd3 Qc7 15. b4 b5 16. Nc5 Nxc5 17. Qxc5 Qxc5 18. bxc5 Bd7 19. a4 bxa4 20. Kd2 Ke7 21. Ke3 Rhb8 22. Rhb1 Kd8 23. c4 dxc4 24. Bxc4 Rxb1 25. Rxb1 Kc7 26. g4 Bb5 27. Bd3 Bxd3 28. Kxd3 Rb8 29. Rf1 Kc6 30. f5 Kxc5 31. fxe6 fxe6 32. Rc1+ Kd5 33. Rc7 a3 34. Rc3 a2 0-1

[Event "Calvia Amateur op 17th"]
[Site "Calvia"]
[Date "2020.10.10"]
[Round "1"]
[White "Boix Pons, Catalina"]
[Black "Massanet Massanet, Sebastian"]
[Result "0-1"]
[WhiteElo "1762"]
[BlackElo "2277"]
[PlyCount "74"]
[EventDate "2020.10.10"]
[EventType "swiss"]
[EventRounds "9"]
[EventCountry "ESP"]
[SourceTitle "CBM 198 Extra"]
[Source "ChessBase"]
[SourceDate "2020.11.30"]
[SourceVersion "1"]
[SourceVersionDate "2020.11.30"]
[SourceQuality "1"]

1. d4 Nf6 2. c4 g6 3. Nc3 d5 4. Nf3 Bg7 5. Bf4 0-0 6. h3 c5 7. dxc5 Qa5 8. Nd2 dxc4 9. e4 Be6 10. Be2 Qxc5 11. 0-0 Nc6 12. Be3 Qb4 13. Qc2 b5 14. a3 Qa5 15. f4 Rac8 16. Nf3 Rfd8 17. f5 gxf5 18. exf5 Bd5 19. Qc1 Bxf3 20. Bxf3 Nd4 21. Bh6 Nxf5 22. Bxg7 Qb6+ 23. Kh2 Nxg7 24. Ne4 Rd4 25. Nxf6+ Qxf6 26. Kh1 Nf5 27. Kg1 Rcd8 28. Bg4 R8d5 29. Qc3 e6 30. Rae1 Kg7 31. Qa5 Rd2 32. Bf3 Qd4+ 33. Kh2 Re5 34. Rd1 Qf4+ 35. Kg1 Rxb2 36. Bg4 Qe3+ 37. Kh2 Qg3+ 0-1

[Event "Mallorca-chT Preferente"]
[Site "Palma de Mallorca"]
[Date "2020.02.22"]
[Round "4.1"]
[White "Cisneros Alomar, Javier"]
[Black "Massanet Massanet, Sebastian"]
[Result "1/2-1/2"]
[WhiteElo "2120"]
[BlackElo "2276"]
[PlyCount "119"]
[EventDate "2020.02.01"]
[EventType "team-tourn"]
[EventRounds "9"]
[EventCountry "ESP"]
[SourceTitle "CBM 195 Extra"]
[Source "ChessBase"]
[SourceDate "2020.05.31"]
[SourceVersion "1"]
[SourceVersionDate "2020.05.31"]
[SourceQuality "1"]
[WhiteTeam "Alcudia"]
[BlackTeam "Agora Megaescacs"]
[WhiteTeamCountry "ESP"]
[BlackTeamCountry "ESP"]

1. d4 e6 2. c4 Nf6 3. Nf3 d5 4. Nc3 c6 5. e3 Nbd7 6. Qc2 Bd6 7. b3 0-0 8. Be2 e5 9. cxd5 cxd5 10. Nb5 Bb4+ 11. Bd2 Bxd2+ 12. Nxd2 a6 13. dxe5 Nxe5 14. Nd4 Qd6 15. 0-0 Bg4 16. N2f3 Rac8 17. Qb2 Rc7 18. Rac1 Re7 19. Rfd1 Rfe8 20. h3 Bd7 21. Qc2 Ne4 22. Nxe5 Qxe5 23. Bf3 Ng5 24. Qc7 Qf6 25. Qg3 Re5 26. Kh2 Ne6 27. Rc3 h5 28. h4 Nf8 29. Qf4 Qd8 30. Ne2 Ng6 31. Qd4 Bb5 32. Ng3 Nxh4 33. Bxh5 g6 34. Bf3 Nxf3+ 35. gxf3 Bc6 36. Kg2 Qf6 37. Rcd3 Qg7 38. R3d2 Qf6 39. Rh1 R5e6 40. Ne2 Qg5+ 41. Kf1 Rf6 42. a4 Kg7 43. Ng3 Rh8 44. Rxh8 Kxh8 45. Kg2 Kg7 46. Rd1 Bd7 47. Rh1 Bc8 48. Kf1 Bd7 49. Rh4 Kf8 50. Kg2 Rc6 51. Rh8+ Ke7 52. Qb4+ Rd6 53. Qxb7 Qf6 54. Rb8 Qe6 55. Rh8 Rb6 56. Qc7 Rxb3 57. Qd8+ Kd6 58. Rh1 Qe7 59. Qa5 Bc6 60. Rd1 1/2-1/2

[Event "Calvia Amateur op 16th"]
[Site "Calvia"]
[Date "2019.10.12"]
[Round "8"]
[White "Massanet Massanet, Sebastian"]
[Black "Thakoerdien, Jerrel"]
[Result "1-0"]
[WhiteElo "2252"]
[BlackElo "2149"]
[PlyCount "93"]
[EventDate "2019.10.05"]
[EventType "swiss"]
[EventRounds "9"]
[EventCountry "ESP"]
[SourceTitle "CBM 192 Extra"]
[Source "Chessbase"]
[SourceDate "2019.11.06"]
[SourceVersion "1"]
[SourceVersionDate "2019.11.06"]
[SourceQuality "1"]

1. d4 Nf6 2. c4 c5 3. d5 e6 4. Nc3 exd5 5. cxd5 d6 6. e4 g6 7. f4 Bg7 8. Bb5+ Nfd7 9. Be2 0-0 10. Nf3 Na6 11. 0-0 Nc7 12. Kh1 a6 13. a4 Rb8 14. a5 Re8 15. f5 b5 16. axb6 Rxb6 17. Bg5 f6 18. Bc1 Qe7 19. Bd3 Ne5 20. Nxe5 dxe5 21. Bc4 Qd6 22. Be3 Bd7 23. Qe2 Nb5 24. Na4 Nd4 25. Bxd4 Bxa4 26. Bxc5 Qxc5 27. Rxa4 gxf5 28. Rxf5 a5 29. Rf3 Kh8 30. Rh3 Rc8 31. b3 Rb4 32. Ra1 a4 33. Rd1 Rd8 34. Qh5 h6 35. Rg3 axb3 36. Bxb3 Rdb8 37. d6 Rd4 38. d7 Qe7 39. Rxd4 exd4 40. Qd5 Rd8 41. Qf5 Qxd7 42. Qg6 Rc8 43. h3 d3 44. Bf7 Rg8 45. Bxg8 Kxg8 46. Qf5 Qb7 47. Qd5+ 1-0

[Event "Calvia Amateur op 16th"]
[Site "Calvia"]
[Date "2019.10.08"]
[Round "4"]
[White "Massanet Massanet, Sebastian"]
[Black "Gavrish, Leonid"]
[Result "1-0"]
[WhiteElo "2252"]
[BlackElo "2034"]
[PlyCount "59"]
[EventDate "2019.10.05"]
[EventType "swiss"]
[EventRounds "9"]
[EventCountry "ESP"]
[SourceTitle "CBM 192 Extra"]
[Source "Chessbase"]
[SourceDate "2019.11.06"]
[SourceVersion "1"]
[SourceVersionDate "2019.11.06"]
[SourceQuality "1"]

1. e4 d6 2. d4 Nf6 3. Nc3 g6 4. f4 Bg7 5. Nf3 0-0 6. a3 Bg4 7. h3 Bxf3 8. Qxf3 Nc6 9. Be3 e5 10. dxe5 dxe5 11. f5 Nd4 12. Qf2 gxf5 13. 0-0-0 fxe4 14. Bc4 c6 15. Bg5 b5 16. Rdf1 Ng4 17. Bxf7+ Kh8 18. hxg4 Qxg5+ 19. Kb1 e3 20. Ne4 exf2 21. Nxg5 h6 22. Rxf2 Rad8 23. c3 Nb3 24. Ne6 Nd2+ 25. Kc1 Ne4 26. Rf3 Nd2 27. Rf6 Kh7 28. Nxf8+ Rxf8 29. Bg6+ Kg8 30. Rxf8+ 1-0

[Event "Calvia Amateur op 16th"]
[Site "Calvia"]
[Date "2019.10.06"]
[Round "2"]
[White "Massanet Massanet, Sebastian"]
[Black "Altarriba Gracia, Sergio"]
[Result "1-0"]
[WhiteElo "2252"]
[BlackElo "1996"]
[PlyCount "53"]
[EventDate "2019.10.05"]
[EventType "swiss"]
[EventRounds "9"]
[EventCountry "ESP"]
[SourceTitle "CBM 192 Extra"]
[Source "Chessbase"]
[SourceDate "2019.11.06"]
[SourceVersion "1"]
[SourceVersionDate "2019.11.06"]
[SourceQuality "1"]

1. e4 c5 2. Nf3 g6 3. d4 cxd4 4. Nxd4 Bg7 5. c4 Nc6 6. Be3 d6 7. Nc3 Nf6 8. h3 Qa5 9. Nb3 Qc7 10. Rc1 b6 11. Be2 0-0 12. 0-0 Bb7 13. f4 Nb4 14. Nd2 Rac8 15. a3 Na6 16. b4 e6 17. Qb3 Rfd8 18. Bf3 Qd7 19. Rfd1 d5 20. cxd5 exd5 21. Nf1 Nc7 22. exd5 Ncxd5 23. Nxd5 Nxd5 24. Rxc8 Qxc8 25. Bxd5 Rxd5 26. Rxd5 Qc6 27. Rd8+ 1-0

[Event "Mallorca-ch A"]
[Site "Palma de Mallorca"]
[Date "2018.11.25"]
[Round "6.1"]
[White "Castell Cantero, Salvador"]
[Black "Massanet Massanet, Sebastian"]
[Result "1-0"]
[WhiteElo "2173"]
[BlackElo "2260"]
[PlyCount "79"]
[EventDate "2018.11.10"]
[EventType "swiss"]
[EventRounds "6"]
[EventCountry "ESP"]
[SourceTitle "EXT 2024"]
[Source "ChessBase"]
[SourceDate "2023.10.10"]
[SourceVersion "1"]
[SourceVersionDate "2023.10.10"]
[SourceQuality "1"]

1. e4 e6 2. d4 d5 3. Nd2 Nc6 4. Ngf3 Nf6 5. e5 Nd7 6. c3 f6 7. exf6 Qxf6 8. Nb3 a5 9. Bg5 Qf7 10. Bb5 Bd6 11. 0-0 0-0 12. Qe2 Qh5 13. Nbd2 e5 14. dxe5 Ndxe5 15. Nxe5 Qxg5 16. Nxc6 bxc6 17. Bxc6 Ra6 18. Bb5 Rb6 19. Rad1 c6 20. Nc4 Bg4 21. f3 Bc5+ 22. Kh1 Rxb5 23. fxg4 dxc4 24. Qe6+ Kh8 25. Rf5 Rxf5 26. gxf5 Qe7 27. Qc8+ Qf8 28. Rd8 Kg8 29. Rxf8+ Bxf8 30. Qe6+ Kh8 31. Qf7 Rb8 32. g4 h6 33. h4 Rd8 34. g5 hxg5 35. hxg5 Rd1+ 36. Kg2 Rd2+ 37. Kf3 Bc5 38. f6 Rd3+ 39. Kg4 gxf6 40. gxf6 1-0

[Event "Mallorca-ch A"]
[Site "Palma de Mallorca"]
[Date "2018.11.11"]
[Round "2.3"]
[White "Massanet Massanet, Sebastian"]
[Black "Navarrete Terrasa, Antonio"]
[Result "1-0"]
[WhiteElo "2260"]
[BlackElo "1904"]
[PlyCount "77"]
[EventDate "2018.11.10"]
[EventType "swiss"]
[EventRounds "6"]
[EventCountry "ESP"]
[SourceTitle "EXT 2024"]
[Source "ChessBase"]
[SourceDate "2023.10.10"]
[SourceVersion "1"]
[SourceVersionDate "2023.10.10"]
[SourceQuality "1"]

1. e4 e5 2. Nf3 Nc6 3. Bb5 a6 4. Ba4 Nf6 5. 0-0 Be7 6. Re1 b5 7. Bb3 d6 8. c3 0-0 9. h3 Na5 10. Bc2 c5 11. d4 Nd7 12. Nbd2 exd4 13. cxd4 Nc6 14. Nb3 c4 15. Nbd2 Bf6 16. Nf1 Re8 17. Ne3 Nb6 18. Qd2 a5 19. b3 Be6 20. Bb2 Nb4 21. Bb1 cxb3 22. axb3 Bxb3 23. Rxa5 Rxa5 24. Qxb4 Nc4 25. Qxb3 Nxb2 26. Qxb2 g6 27. Nd5 Bg7 28. Rc1 Qb8 29. Nb4 Qb7 30. Bd3 Rea8 31. Nd2 Qb6 32. Nb3 Ra4 33. Rc6 Qb7 34. Nd5 Ra2 35. Qc3 f5 36. Rc7 Qb8 37. Rc8+ Qxc8 38. Qxc8+ Rxc8 39. Ne7+ 1-0

[Event "Mallorca-ch Preferente"]
[Site "Palma"]
[Date "2017.12.10"]
[Round "4.2"]
[White "Munar Mut, Antoni"]
[Black "Massanet Massanet, Sebastian"]
[Result "0-1"]
[WhiteElo "1942"]
[BlackElo "2230"]
[PlyCount "30"]
[EventDate "2017.12.02"]
[EventType "swiss"]
[EventRounds "6"]
[EventCountry "ESP"]
[SourceTitle "EXT 2024"]
[Source "ChessBase"]
[SourceDate "2023.10.10"]
[SourceVersion "1"]
[SourceVersionDate "2023.10.10"]
[SourceQuality "1"]

1. e4 e6 2. d4 d5 3. Nd2 a6 4. Bd3 Nf6 5. e5 Nfd7 6. Ne2 c5 7. c3 Nc6 8. 0-0 Be7 9. Nf3 b5 10. Ng3 h5 11. Qe2 g5 12. Nf5 g4 13. Nd2 exf5 14. e6 fxe6 15. Qxe6 Nde5 0-1

[Event "ESP-chT CECLUB Div2"]
[Site "Linares"]
[Date "2016.08.16"]
[Round "1"]
[White "Garcia Padron, Jose"]
[Black "Massanet Massanet, Sebastian"]
[Result "1-0"]
[WhiteElo "2411"]
[BlackElo "2281"]
[PlyCount "83"]
[EventDate "2016.08.16"]
[EventType "team"]
[EventRounds "6"]
[EventCountry "ESP"]
[SourceTitle "CBM 174 Extra"]
[Source "ChessBase"]
[SourceDate "2016.10.10"]
[SourceVersion "1"]
[SourceVersionDate "2016.10.10"]
[SourceQuality "1"]
[WhiteTeam "Centro Goya Villa de Teror"]
[BlackTeam "Agora Megaescacs"]
[WhiteTeamCountry "ESP"]
[BlackTeamCountry "ESP"]

1. e4 e6 2. d3 d5 3. Qe2 Be7 4. Nf3 Nf6 5. g3 0-0 6. Bg2 c5 7. 0-0 Nc6 8. e5 Nd7 9. c4 b5 10. cxd5 exd5 11. Nc3 Nb6 12. Nxb5 Ba6 13. Nc3 d4 14. Nb1 Nb4 15. Rd1 c4 16. dxc4 Bxc4 17. Qd2 d3 18. Ne1 Rc8 19. Nc3 Qc7 20. b3 Be6 21. Bb2 Rfd8 22. Rac1 Qb8 23. h3 Rd7 24. Kh2 a5 25. f4 a4 26. Nxa4 Nxa4 27. Rxc8+ Qxc8 28. bxa4 Bxa2 29. Ba3 Bb3 30. Rc1 Qf8 31. Rb1 Nc2 32. Bxe7 Qxe7 33. Rxb3 Nxe1 34. Qxe1 d2 35. Qd1 g5 36. a5 gxf4 37. gxf4 Qh4 38. Rg3+ Kf8 39. Rf3 Rd4 40. a6 Qe1 41. Rf1 Qe3 42. a7 1-0